| 000 | 02059nam0a2200397 4500 | ||
|---|---|---|---|
| 001 | RU\NLR\bibl\1161591 | ||
| 005 | 20260405144622.0 | ||
| 010 |
_a978-5-222-12131-3 _93000 |
||
| 021 |
_aRU _b2007-63433 _93383 |
||
| 035 | _a(nilc)RSL-KNO-003192057 | ||
| 035 | _a(NLR Aleph) 001148339 | ||
| 090 |
_a1461633 _c1461633 |
||
| 100 | _a20070920d2007 |||y0rusy50 ca | ||
| 101 | 0 |
_arus _ager |
|
| 102 | _aRU | ||
| 105 | _aa ||||||||| | ||
| 200 | 1 |
_aСтрановедение: Федеративная Республика Германия _dLandeskunde: Die Bundesrepublik Deutschland _eучебное пособие _fТ.Г. Коноплева _zger |
|
| 210 |
_aРостов-на-Дону _cФеникс _d2007 |
||
| 215 |
_a249 с. _cил., карт., нот., портр. _d21 |
||
| 225 | 1 | _aБольшая перемена | |
| 300 | _aНа обл. авт. не указан | ||
| 320 | _aБиблиогр.: с. 247-249 (48 назв.) | ||
| 510 | 0 |
_6z11790 _aLandeskunde: Die Bundesrepublik Deutschland _zger |
|
| 606 | 1 |
_aНемецкий язык _jУчебные издания _91063964 _3RU\NLR\auth\66413315 |
|
| 610 | 0 | _aФилологические науки -- Языкознание -- Индоевропейские языки -- Западногерманские языки -- Немецкий язык -- Преподавание и методика изучения языка -- Хрестоматии. Книги для чтения. Адаптированные издания -- Хрестоматии по страноведению: ФРГ | |
| 686 |
_aШ143.24-944:Д _2rubbk |
||
| 686 |
_aШ143.24-93рус _bД890(4Г) |
||
| 700 | 1 |
_4070 _8rus _7ca _aКоноплева _bТ. Г. _gТатьяна Геннадьевна _3RU\NLR\AUTH\7760191 _943122 |
|
| 790 | 1 |
_4070 _8rus _7ba _aKonopleva _bT. G. _gTat'jana Gennad'evna _3RU\NLR\AUTH\7760192 _943123 |
|
| 801 | 0 |
_aRU _bРКП _c20070920 _grcr |
|
| 801 | 1 |
_aRU _bРГБ _c20070920 |
|
| 801 | 2 |
_aRU _bNLR _c20071129 _grcr |
|
| 942 | _cBOOK | ||
| 980 | _aNB | ||